LEADER 01174nam a2200265 4500 001 000000364996 003 CaOOAMICUS 005 20251118141757.0 008 251105s1978 it 000 u ita r 040 $aSeMil$bita 100 1 $aPiaget, Jean,$d<1896-1980>.$0(OLS)http://semarc/name/1535 240 10$aConversations libres avec Jean Piaget.$0(OLS)http://semarc/title/456525 245 10$aIntervista su conoscenza e psicologia /$cJean Piaget ; a cura di Jean-Claude Bringuier. 264 1$aRoma ; Bari :$bLaterza,$c1978. 300 $a194 p. ;$c18 cm 490 1 $aSaggi tascabili Laterza ;$v51 650 4$aPsicologia genetica.$0(OLS)http://semarc/subject/13680 700 1 $aBringuier, Jean-Claude.$0(OLS)http://semarc/name/123090 830 0$aSaggi tascabili Laterza ;$v51.$0(OLS)http://semarc/title/6926 850 $aSeMil 852 $aSeMil$W1$xVenegono$y1$m2O I 543$j264559$B255845$CSeMilBibl$Z2$F255845 $81 961 $aBuzzi mons. Franco - Omaggio 996 $6245$aIntervista su conoscenza e psicologia$9(OLS)http://semarc/title/456524 996 $6264$aRoma ; Bari :$bLaterza$9(OLS)http://semarc/publisher/30305 LEADER 00883nam a2200241 i 4500 001 000000102365 003 CaOOAMICUS 005 20180830171929.0 008 180830s1957 xx u000 u und u 013 $a74518 040 $aSeMil$bita 100 1 $aDiderot, Denis,$d<1713-1784>.$0(OLS)http://semarc/name/4918 245 10$aScritti di estetica. 260 $aMilano :$bFeltrinelli,$c1957. 300 $a292 p. 490 0 $aUniversale Economica 650 4$aEstetica.$0(OLS)http://semarc/subject/618 700 1 $aNeri, Guido.$0(OLS)http://semarc/name/17334 830 0$aUniversale economica.$0(OLS)http://semarc/title/11224 850 $aSeMil 852 $aSeMil$W1$xVenegono$y1$m52 8 229 *$j58887$B58887$CSeMilBibl$Z2$F69877 $81 996 $6245$aScritti di estetica$9(OLS)http://semarc/title/10633 996 $6260$aMilano :$bFeltrinelli$9(OLS)http://semarc/publisher/30237